Mario Characters by Picture - Statistics

General Stats
  • This quiz has been taken 20 times
  • The average score is 9 of 9
Answer Stats
Picture Answer % Correct
Bowser
100%
Donkey Kong
100%
Luigi
100%
Mario
100%
Princess Peach
100%
Wario
100%
Yoshi
100%
Toad
95%
Goomba
85%
No matching quizzes found
Score Distribution
Percent of People with Each Score
Percentile by Number Answered
Your Score History
You have not taken this quiz